000
00265nam a22001217a 4500
082
_a
823
_b
UNK/F
100
_a
UNKNOWN
245
_a
FIRST THINGS TO KNOW
260
_a
BANGALORE
_b
MM PRIMARY PUBLISHING
300
_a
20
650
_a
ENGLISH STORY
_z
INDIA
942
_c
BK
999
_c
7563
_d
7563